Elements of mechanics of materials (Record no. 6596)

000 -LEADER
fixed length control field 00580nam a22002051 4500
001 - CONTROL NUMBER
control field 6129579
003 - CONTROL NUMBER IDENTIFIER
control field BD-DhUET
008 - FIXED-LENGTH DATA ELEMENTS--GENERAL INFORMATION
fixed length control field 730221s1966 njua b 000 0 eng
040 ## - CATALOGING SOURCE
Original cataloging agency DLC
Transcribing agency ODaWU
Modifying agency OCoLC
-- Uk
-- BD-DhUET
050 00 - LIBRARY OF CONGRESS CALL NUMBER
Classification number TA405
Item number .O37 1966
082 ## - DEWEY DECIMAL CLASSIFICATION NUMBER
Classification number 620.11
Item number OLS/1966
100 1# - MAIN ENTRY--PERSONAL NAME
Personal name Olsen, Gerner A.
245 10 - TITLE STATEMENT
Title Elements of mechanics of materials
Statement of responsibility, etc. by Gerner A. Olsen
250 ## - EDITION STATEMENT
Edition statement 2d ed.
260 ## - PUBLICATION, DISTRIBUTION, ETC. (IMPRINT)
Place of publication, distribution, etc. New Jersey
Name of publisher, distributor, etc. Prentice-Hall
Date of publication, distribution, etc. 1966
300 ## - PHYSICAL DESCRIPTION
Extent xxii, 591 p.
Other physical details illus.
Dimensions 24 cm.
504 ## - BIBLIOGRAPHY, ETC. NOTE
Bibliography, etc includes bibliographics
650 #0 - SUBJECT ADDED ENTRY--TOPICAL TERM
Topical term or geographic name as entry element Strength of materials
942 ## - ADDED ENTRY ELEMENTS (KOHA)
Koha item type General Book
Holdings
Withdrawn status Not for loan Copy number Damaged status Price effective from Shelving location Koha issues (times borrowed) Lost status Koha normalized classification for sorting Date acquired Location (home branch) Source of classification or shelving scheme Koha date last borrowed Sublocation or collection (holding branch) Koha full call number Piece designation (barcode) Koha item type Koha date last seen
  28 2014-12-04Circulation section  620_110000000000000_OLS_19662014-12-04Central Library, BUET  Central Library, BUET620.11 /OLS/196629221Contented Book 2014-12-04
  23 2014-12-04Circulation section1 620_110000000000000_OLS_19662014-12-04Central Library, BUET 2018-11-20Central Library, BUET620.11 /OLS/196629216Contented Book 2018-12-04
  13 2014-12-04Circulation section1 620_110000000000000_OLS_19662014-12-04Central Library, BUET 2022-08-29Central Library, BUET620.11/OLS/196629206Contented Book 2022-10-01
  4 2014-12-04Circulation section  620_110000000000000_OLS_19662014-12-04Central Library, BUET  Central Library, BUET620.11/OLS/196619846Contented Book 2014-12-04
  1 2014-12-04Circulation section1 620_110000000000000_OLS_19662014-12-04Central Library, BUET 2022-06-20Central Library, BUET620.11/OLS/196652406Contented Book 2022-07-23
  6 2015-06-16Reading section  620_110000000000000_OLS_19662015-06-16Central Library, BUET  Central Library, BUET620.11/OLS/196613917Reading Item2015-06-16
  8 2015-06-29Reading section  620_110000000000000_OLS_19662015-06-29Central Library, BUET  Central Library, BUET620.11/OLS/196629227Reading Item2015-06-29